Państwo po kawałku flagi - Statystyki

Ogólne statystyki
  • Ten quiz został rozwiązany 39 razy
  • Średni wynik to 16 z 26
Statystyki odpowiedzi
Obrazkowy Odpowiedź % Poprawnych
Japonia
84%
San Marino
84%
Bahrajn
81%
Demokratyczna Republika Konga
81%
Paragwaj
81%
Portugalia
78%
Mongolia
76%
Singapur
76%
Fidżi
70%
Barbados
68%
Serbia
68%
Sri Lanka
68%
Czarnogóra
65%
Erytrea
65%
Malta
65%
Antigua i Barbuda
62%
Turkmenistan
62%
Kiribati
59%
Gwinea Równikowa
57%
Algieria
54%
Komory
54%
Gujana
43%
Gwatemala
43%
Republika Zielonego Przylądka
41%
Zimbabwe
27%
Wyspy Salomona
19%
Nie znaleziono quizów pasujących do podanych kryteriów
Rozkład punktacji
Procent ludzi z każdym wynikiem
Percentyl według liczby udzielonych odpowiedzi
Twoja historia wyników
Nie rozwiązałeś tego quizu